header

Kiswahili Kwa Kidato Cha 4 (Record no. 252118)

MARC details
000 -LEADER
fixed length control field 00251nam a22001097a 4500
020 ## - INTERNATIONAL STANDARD BOOK NUMBER
ISBN 9966446117
100 ## - MAIN ENTRY--AUTHOR NAME
Personal name KLB
245 ## - TITLE STATEMENT
Title Kiswahili Kwa Kidato Cha 4
250 ## - EDITION STATEMENT
Edition statement Toleo la tatu
260 ## - PUBLICATION, DISTRIBUTION, ETC. (IMPRINT)
Place of publication Nairobi
Name of publisher Kenya Literature Bureau
Year of publication 1989
942 ## - ADDED ENTRY ELEMENTS (KOHA)
Koha item type Long Loan Books
Holdings
Withdrawn status Lost status Home library Current library Date acquired Koha item type Shelving location Full call number Accession Number
    Rongo University Library Rongo University Library 25/01/2016 Long Loan Books      
    Rongo University Library Rongo University Library 25/01/2016 Long Loan Books Reference PL8703.5K5792006 20088306
    Rongo University Library Rongo University Library 25/01/2016 Long Loan Books Reference 496.392KENC4 20088295
    Rongo University Library Rongo University Library 29/05/2023 Long Loan Books   PL8703.5.K579 2006 20088294
    Rongo University Library Rongo University Library 29/05/2023 Long Loan Books General Stacks PL8702.K53 2007 20190054
    Rongo University Library Rongo University Library 29/05/2023 Long Loan Books Reference PL8703.5.K579 2007 20088296

© 2026 Rongo University
Contact us: librarian | system librarian | Rongo university